00931nam a2200253 a 450000100100000000500170001000800410002702000150006804000250008308200150010824501190012325000200024226000650026230000210032749000250034850400730037370000410044670000380048770000330052570000360055870000280059470000300062283000250065200000244520200929150209.0090702s1988 sp 000 0 spa d a8486168309 aDO-SdBNPbspacBNPHU axxxxbL69703aLa cultura del libro /ccoordinador Fernando Lázaro Carreter ; colaboradores José María de Areilza [et al.]. a2a ed. ampliada aMadrid, :bFundación Germán Sánchez Ruipérez,c1988. a410 p. ;c22 cm.1 aBiblioteca del libro aIncluye referencias bibliográficas y notas al pie de las páginas1 aLázaro Carreter, Fernando,ecoord.1 aAreilza, José María de,ecol.1 aBonet Correa, Antonio,ecol.1 aCruz Hernández, Miguel,ecol.1 aEscarpit, Robert,ecol.1 aEscolar, Hipólitoecol. 0aBiblioteca del libro